000 00658nam a2200205Ia 4500
001 9695
003 GE_BSU
008 181216s||||||||xx |||||||||||||| ||und||
040 _cGE_BSU
080 _a821.353.1–1
245 _aროცა იღვიძებენ ტყეები
245 _bლექსები
245 _cრედ.ი.ნონეშვილი,მხატვ.ი.ჯანაშვილი
260 _aთბილისი
260 _bსაბჭ.მწერალი
260 _c1957
300 _a115გვ.17სმ.
653 _aროცა იღვიძებენ ტყეები
942 _cBK
999 _c42978
_d42978